1563 1108 1608 1002 1188 1374 1437 1693 1965 1361 1654 1251 1823 1364 1341 1196 1898 1416 1631 1854 1489 1272 1072 1585 1758 1014 1909 1333 1251 1454 1477 1498 1956 1881 1334 1405 1962 1748 1642 1071 1278 1811 1352 1918 1842 1196 1021 1694 1609 1564 1309 1765 1646 1304 1847 1687 1462 1311 1642 1417 1601 1803 1308 1600 1072 1860 1132 1651 1138 1066 1332 1109 1251 1609 1649 1377 1640 1873 1678 1866 1637 1130 1350 1547 1738 1474 1367 1865 1002 1511 1499 1903 1069 1088 1248 1497 1679 1654 1410 BCNSPRNW ULIB Ver.6.0+V

เปลี่ยนเป็นภาษาไทย

Change to English
 แสดงรายละเอียดบรรณานุกรม
  กลับหน้าหลัก

Brief Record : Get Marc (ISO 2709) : E-mail record : QR code < ปิดหน้าต่าง
LEADER : 00000nam 2200000uu 4500
001    13399113615
003     ULIB
008    110823s2548||||th 000 0 tha d
020    9749296303
090    นว.^bศ675ส 2548
100 0  ศุภกร เหรียญสุวรรณ
245 00 360 องศารัก/^cศุภกร เหรียญสุวรรณ
250    พิมพ์ครั้งที่ 1
260    กรุงเทพฯ :^bเล่มโปรด,^c2548
300    127 หน้า
710 1  เล่มโปรด
945    ^p85^l0^i24780
995    กัณชพร
999     ^aใช้งานได้ทุกระบบ
รายการนี้ยังไม่มีแท็ก
คุณยังไม่ได้ล็อกอิน คุณสามารถมีกิจกรรมร่วมกับเว็บไซต์ได้ แต่ต้องล็อกอินก่อน ::
  ล็อกอิน

รายการสื่อสารสนเทศ

ลำดับที่ ประเภท เลขเรียก/บาร์โค้ด สถานที่ สถานะ
1. นวนิยาย
นวนิยาย
นว. ศ675ส 2548 ฉ.1 
  Barcode: 24780
ห้องสมุดวิทยาเขตสวรรค์ประชารักษ์
►นวนิยาย
บนชั้น
  ขอยืม

BibComment


ยังไม่เคยถูกคอมเมนท์

คอมเมนท์ทรัพยากรรายการนี้
  คอมเมนท์: 360 องศารัก ศุภกร..


 Copyright 2026. Bcnsprnw @Library